Panorami della guerra : (Record no. 47635)

MARC details
000 -LEADER
campo de control de longitud fija 01046nam a2200217 i 4500
001 - NÚMERO DE CONTROL
campo de control 47635
003 - IDENTIFICADOR DE NÚMERO DE CONTROL
campo de control ES-MaACL
005 - FECHA Y HORA DE LA ÚLTIMA TRANSACCIÓN
campo de control 20230906161613.0
007 - CAMPO FIJO DE DESCRIPCIÓN FÍSICA--INFORMACIÓN GENERAL
campo de control de longitud fija t|
008 - DATOS DE LONGITUD FIJA--INFORMACIÓN GENERAL
campo de control de longitud fija 030509s1917 it ||||1| ita d
080 ## - NÚMERO DE LA CLASIFICACIÓN DECIMAL UNIVERSAL
Número de la Clasificación Decimal Universal 94(4)"1914/18"
110 1# - ENTRADA PRINCIPAL--NOMBRE DE ENTIDAD CORPORATIVA
Nombre de entidad corporativa o nombre de jurisdicción como elemento de entrada Italia.
Unidad subordinada Esercito.
9 (RLIN) 173440
245 10 - MENCIÓN DEL TÍTULO
Título Panorami della guerra :
Resto del título dalle raccolte della sezione fotografica del comando supremo del r. esercito.
260 ## - PUBLICACIÓN, DISTRIBUCIÓN, ETC.
Lugar de publicación, distribución, etc. Milano :
Nombre del editor, distribuidor, etc. Bestetti e Tumminell,
Fecha de publicación, distribución, etc. [1917]
300 ## - DESCRIPCIÓN FÍSICA
Extensión 5 v. ;
Dimensiones 34 cm.
505 8# - NOTA DE CONTENIDO CON FORMATO
Nota de contenido con formato Contiene: Fasc. 7. Il Trentino: l'Alpe di Val Travignolo - Fasc. 8-9. Il Trentino: Val Sugana, M.te. Pasubio, Altip.ni di Lavarone e Luserna - Fasc. 10. Il Trentino: il Garda, la Valle del Sarca e la Valle Lagarina - Fasc. 11. Il Trentino: le Alpi dello Stelvio - Fasc. 12. Le Alpi Cadorine da col di mezzo
597 ## - NOTA DE DESCRIPCIÓN FÍSICA
NOTA DE DESCRIPCIÓN FÍSICA Cada fascículo comprende 1 mapa y 1 h. pleg. de fotografía.
650 #4 - PUNTO DE ACCESO ADICIONAL DE MATERIA--TÉRMINO DE MATERIA
Término de materia o nombre geográfico como elemento de entrada Guerra mundial, 1914-1918-
Subdivisión geográfica Italia.
9 (RLIN) 156091
650 #4 - PUNTO DE ACCESO ADICIONAL DE MATERIA--TÉRMINO DE MATERIA
Término de materia o nombre geográfico como elemento de entrada Guerra mundial, 1914-1918-
Subdivisión de forma Obras ilustradas.
9 (RLIN) 148755
852 ## - LOCALIZACIÓN
Ubicación ES-MaACL
Número de control de estantería 1537-F-16-20
Holdings
Estatus retirado Estado de pérdida Estado de daño No para préstamo Colección Biblioteca de origen Biblioteca actual Ubicación en estantería Fecha de adquisición Fuente de adquisición Total de préstamos Signatura topográfica completa Código de barras Visto por última vez Precio de reemplazo Tipo de ítem Koha
        Colección de folletos Biblioteca del Ateneo de Madrid Biblioteca del Ateneo de Madrid Depósito folletos 17/01/2008     1537-F-16-20 1050119 23/02/2023 23/02/2023 Folleto